[Event "15th Kesan Open 2017"]
[Site "Kesan"]
[Date "2017.08.15"]
[Round "5.8"]
[White "Ozalp, Burak"]
[Black "Aydin, Hakan Arda"]
[Result "1-0"]
[WhiteElo "2129"]
[BlackElo "1735"]
[Annotator "NA"]
[PlyCount "133"]
[EventCountry "TUR"]
[SourceTitle "playchess.com"]
[Source "ChessBase"]
[SourceQuality "1"]
[TimeControl "5400+30"]

1. e4 {[%emt 0:05:30]} e5 {[%emt 0:01:00]} 2. Nf3 {[%emt 0:00:30]} Nc6 {[%emt 0:00:00]} 3. Bc4 {[%emt 0:00:00]} Nf6 {[%emt 0:00:00]} 4. d3 {[%emt 0:00:00]} Bc5 {[%emt 0:00:30]} 5. c3 {[%emt 0:00:30]} d6 {[%emt 0:00:30]} 6. O-O {[%emt 0:00:00]} O-O {[%emt 0:00:30]} 7. Bb3 {[%emt 0:00:00]} a6 {[%emt 0:00:30]} 8. Nbd2 {[%emt 0:01:30]} Ba7 {[%emt 0:00:30]} 9. Re1 {[%emt 0:01:30] LiveBook: 256 Games} Ng4 {[%emt 0:00:30]} 10. Re2 {[%emt 0:00:30]} Nf6 {[%emt 0:00:30]} 11. h3 {[%emt 0:00:30]} h6 {[%emt 0:05:30]} 12. Nf1 {[%emt 0:00:30]} Nh5 {[%emt 0:00:30]} 13. Re1 {[%emt 0:00:30]} Qf6 $11 {[%emt 0:01:30]} 14. Be3 {[%emt 0:02:30]} Nf4 {[%emt 0:04:30]} 15. d4 {[%emt 0:00:30]} Ne7 {[%emt 0:05:30]} 16. Ng3 {[%emt 0:00:30]} g6 {[%emt 0:05:30]} 17. Bxf4 {[%emt 0:03:30]} Qxf4 {[%emt 0:01:30]} 18. Rc1 {[%emt 0:16:30]} Kh8 {[%emt 0:19:30]} 19. Nf1 {[%emt 0:02:30]} Qf6 {[%emt 0:02:30]} 20. Ne3 {[%emt 0:01:30]} Nc6 {[%emt 0:21:30]} 21. Nd5 {[%emt 0:01:30]} Qd8 {[%emt 0:00:30]} 22. Qd2 {[%emt 0:00:30]} Kg7 {[%emt 0:00:30]} 23. Rcd1 {[%emt 0:03:30]} f6 {[%emt 0:03:30]} 24. a4 {[%emt 0:02:30]} Be6 {[%emt 0:02:30]} 25. Ba2 {[%emt 0:00:30]} Ne7 {[%emt 0:02:30]} 26. b4 {[%emt 0:03:30]} Nxd5 {[%emt 0:00:30]} 27. exd5 {[%emt 0:00:30]} Bd7 {[%emt 0:00:30]} 28. a5 {[%emt 0:00:30]} Re8 {[%emt 0:00:30]} 29. Bb1 {[%emt 0:01:30]} Re7 {[%emt 0:04:45]} 30. Nh4 {[%emt 0:09:30]} f5 {[%emt 0:01:13]} 31. Nf3 {[%emt 0:04:30]} e4 {[%emt 0:03:38]} 32. Nh2 {[%emt 0:01:30]} Bb5 {[%emt 0:01:53]} 33. f3 {[%emt 0:02:30]} exf3 {[%emt 0:05:20]} 34. Nxf3 {[%emt 0:01:30]} Qd7 {[%emt 0:00:08]} 35. Rxe7+ {[%emt 0:03:30]} Qxe7 {[%emt 0:00:02]} 36. Re1 {[%emt 0:00:00]} Qd7 {[%emt 0:00:23]} 37. Re6 {[%emt 0:02:00]} Re8 {[%emt 0:01:12]} 38. Bxf5 {[%emt 0:02:30]} Rxe6 {[%emt 0:01:08]} 39. Bxe6 {[%emt 0:00:30]} Qe7 {[%emt 0:00:27]} 40. Nh2 {[%emt 0:05:30]} h5 {[%emt 0:00:54]} 41. Nf3 {[%emt 0:00:30]} Bc4 {[%emt 0:01:23]} 42. Ng5 {[%emt 0:01:30]} c6 {[%emt 0:01:07]} 43. h4 {[%emt 0:15:41]} Bxd5 {[%emt 0:00:58]} 44. Bxd5 {[%emt 0:00:28]} cxd5 {[%emt 0:00:01]} 45. Qf4 {[%emt 0:01:19]} Bb8 {[%emt 0:00:51]} 46. Kh2 {[%emt 0:00:30]} Qf6 {[%emt 0:02:43]} 47. Qxf6+ {[%emt 0:00:30]} Kxf6 {[%emt 0:00:10]} 48. Kg3 {[%emt 0:00:00]} Bc7 {[%emt 0:00:22]} 49. Nh3 {[%emt 0:01:59]} Kf5 {[%emt 0:00:19]} 50. Kf3 {[%emt 0:00:21]} Bd8 {[%emt 0:00:15]} 51. Nf4 {[%emt 0:01:02]} Bxh4 {[%emt 0:00:43]} 52. Nxd5 {[%emt 0:00:07]} Bd8 {[%emt 0:02:26]} 53. Ne3+ {[%emt 0:00:22]} Ke6 {[%emt 0:00:41]} 54. Ke4 {[%emt 0:00:01]} g5 {[%emt 0:00:00]} 55. d5+ {[%emt 0:00:20]} Kf6 {[%emt 0:00:17]} 56. Nf5 {[%emt 0:00:49]} Bc7 {[%emt 0:00:16]} 57. Nd4 {[%emt 0:00:43]} Bd8 {[%emt 0:00:39]} 58. c4 {[%emt 0:00:42]} Be7 {[%emt 0:00:27]} 59. b5 {[%emt 0:01:37]} h4 {[%emt 0:00:36]} 60. Nc6 {[%emt 0:01:24]} Bf8 {[%emt 0:00:42]} 61. Nd8 {[%emt 0:00:25]} Bh6 {[%emt 0:00:42]} 62. Nxb7 {[%emt 0:00:40]} g4 {[%emt 0:00:22]} 63. bxa6 {[%emt 0:01:43]} h3 {[%emt 0:00:38]} 64. gxh3 {[%emt 0:00:30]} gxh3 {[%emt 0:00:30]} 65. Kf3 {[%emt 0:00:00]} h2 {[%emt 0:00:00]} 66. Kg2 {[%emt 0:00:00]} Be3 {[%emt 0:00:00]} 67. c5 {[%emt 0:00:00]} 1-0

[Event "15th Kesan Open 2017"]
[Site "Kesan"]
[Date "2017.08.15"]
[Round "5.9"]
[White "Tilenbaeva, Baktygul"]
[Black "Stefanov, Emil"]
[Result "0-1"]
[WhiteElo "1884"]
[BlackElo "2455"]
[Annotator "TA"]
[PlyCount "84"]
[EventCountry "TUR"]
[SourceTitle "playchess.com"]
[Source "ChessBase"]
[SourceQuality "1"]

{[%evp 32,84,12,14,12,0,19,0,4,14,109,122,119,139,92,129,108,22,39,-58,0,0,0,0,28,0,0,-54,-43,-88,-95,-83,269,140,139,-307,-329,-610,-590,-635,-640,-1218,-1225,-1134,-1093,-1163,-962,-5506,-5506,-29975,-29976,-29994,-29994,-29996,-29996]} 1. e4 e5 2. Nf3 Nc6 3. Bb5 {[%cal Bf1b5,Bb5a4,Ba4b3][%mdl 32]} a6 4. Ba4 Nf6 5. O-O Be7 6. Re1 b5 7. Bb3 d6 8. c3 O-O 9. h3 Nb8 {[%cal Bc6b8,Bb8d7,Bd7c5][%mdl 32]} 10. d4 Nbd7 11. a4 Bb7 12. Nbd2 c5 13. d5 c4 14. Bc2 Qc7 15. Nf1 Nc5 16. Ng3 g6 17. Bh6 {LiveBook: 3 Games. C95: Closed Ruy Lopez: Breyer Variation with 10 d4} Rfb8 {[#]} 18. a5 $146 ({Predecessor:} 18. Qd2 Bc8 19. a5 Qd8 20. Nf5 Bf8 21. Bxf8 Qxf8 22. Qg5 Bxf5 23. Qxf6 Bd7 24. Nd2 Re8 {½-½ (36) Negi,P (2641)-Korobov,A (2702) New Delhi 2012}) 18... Bc8 19. Be3 {The position is equal.} Nfd7 20. Nh2 h5 (20... Nf6 $11) 21. Nxh5 $1 $16 gxh5 22. Qxh5 Nf6 23. Qg5+ {[%mdl 1024] White has strong compensation.} Kh8 ({Much weaker is} 23... Kf8 $6 24. Qh6+ Ke8 25. Qh8+ Kd7 26. Qg7 $11) 24. Qh6+ (24. Bxc5 $16 {Strongly threatening Be3.} dxc5 25. Nf3) 24... Nh7 $11 25. Nf3 (25. f4 $14) 25... Bf8 (25... Bb7 $1 $15) 26. Qh5 {And now Bxc5 would win.} f6 27. Nh4 Qg7 28. Ng6+ (28. Bxc5 $5 dxc5 29. Re3 $11) 28... Kg8 29. Nxf8 ({White should play} 29. f4 $11) 29... Nxf8 $15 30. Bxc5 dxc5 31. Re3 {[#] Rg3 is the strong threat.} Ng6 $2 {[%mdl 8192]} (31... Qh7 $1 $17 {[%cal Rh7h5]} 32. Rg3+ Kh8) 32. Rg3 $18 Kf7 {[#] Hoping for ...Bd7.} 33. h4 $2 {[%mdl 8192]} (33. f4 $1 $16 {[%cal Rf4e5]} exf4 34. e5 fxg3 35. e6+ Kf8 36. Bxg6) 33... Bd7 $19 34. Qd1 $2 (34. d6 Be6 35. Qf3) 34... Qh6 35. h5 Nf4 36. b4 cxb3 37. Bxb3 c4 38. Bc2 Rg8 39. Rxg8 Rxg8 40. g3 Bg4 {Black mates.} 41. Qe1 Qxh5 42. Qe3 Ne2+ {Precision: White = 26%, Black = 50%.} 0-1

[Event "15th Kesan Open 2017"]
[Site "Kesan"]
[Date "2017.08.15"]
[Round "5.10"]
[White "Guseynov, Alihan"]
[Black "Ozkan, Hakan"]
[Result "1-0"]
[WhiteElo "2399"]
[BlackElo "1794"]
[Annotator "NA"]
[PlyCount "85"]
[EventCountry "TUR"]
[SourceTitle "playchess.com"]
[Source "ChessBase"]
[SourceQuality "1"]
[TimeControl "5400+30"]

1. c4 {[%emt 0:00:30]} e6 {[%emt 0:01:00]} 2. Nf3 {[%emt 0:00:30]} Nf6 {[%emt 0:00:30]} 3. g3 {[%emt 0:02:30]} d5 {[%emt 0:00:00]} 4. Bg2 {[%emt 0:00:30]} Nbd7 {[%emt 0:02:00]} 5. b3 {[%emt 0:02:30]} Bd6 {[%emt 0:02:30]} 6. Bb2 {[%emt 0:00:30]} O-O {[%emt 0:00:30]} 7. O-O {[%emt 0:03:30]} Re8 {[%emt 0:00:30]} 8. d4 {[%emt 0:01:30]} c6 {[%emt 0:01:30]} 9. Nbd2 {[%emt 0:03:30]} b6 {[%emt 0:00:30]} 10. Qc2 {[%emt 0:06:30]} Bb7 {[%emt 0:02:30] LiveBook: 3 Games} 11. e4 {[%emt 0:04:30]} Nxe4 {[%emt 0:00:00]} 12. Nxe4 {[%emt 0:00:00]} dxe4 {[%emt 0:00:00]} 13. Qxe4 {[%emt 0:00:00]} Nf6 {[%emt 0:00:30]} 14. Qc2 {[%emt 0:00:30]} c5 {[%emt 0:04:30]} 15. Rad1 {[%emt 0:08:30]} cxd4 $14 {[%emt 0:05:30]} 16. Nxd4 {[%emt 0:13:30]} Bxg2 {[%emt 0:02:30]} 17. Kxg2 {[%emt 0:00:30]} Qc7 {[%emt 0:03:30]} 18. Qe2 {[%emt 0:02:30]} Rad8 {[%emt 0:06:30]} 19. Nb5 {[%emt 0:13:30]} Qb7+ {[%emt 0:03:30]} 20. Qf3 {[%emt 0:00:30]} Qxf3+ {[%emt 0:00:30]} 21. Kxf3 {[%emt 0:00:00]} Bb8 {[%emt 0:08:30]} 22. Ba3 {[%emt 0:02:00]} a6 {[%emt 0:02:30]} 23. Nd6 {[%emt 0:03:30]} Bxd6 {[%emt 0:03:30]} 24. Bxd6 {[%emt 0:04:30]} Rd7 {[%emt 0:03:30]} 25. Ke2 {[%emt 0:04:30]} Ne4 {[%emt 0:03:30]} 26. Be5 {[%emt 0:00:30]} Red8 {[%emt 0:00:30]} 27. f3 {[%emt 0:00:30]} Nc5 {[%emt 0:07:30]} 28. Bc7 {[%emt 0:01:30]} Rxd1 {[%emt 0:01:30]} 29. Rxd1 {[%emt 0:00:30]} Rxd1 {[%emt 0:00:30]} 30. Kxd1 {[%emt 0:00:00]} Nd7 {[%emt 0:00:30]} 31. a4 {[%emt 0:02:00]} Kf8 {[%emt 0:01:30]} 32. b4 {[%emt 0:02:19]} Ke7 {[%emt 0:00:30]} 33. f4 {[%emt 0:02:02]} f6 {[%emt 0:02:30]} 34. Kd2 {[%emt 0:09:06]} h6 {[%emt 0:04:30]} 35. c5 {[%emt 0:01:19]} Nxc5 {[%emt 0:04:30]} 36. bxc5 {[%emt 0:00:13]} bxc5 {[%emt 0:00:30]} 37. Kd3 {[%emt 0:00:12]} Kd7 {[%emt 0:00:00]} 38. Bb8 {[%emt 0:00:06]} Kc6 {[%emt 0:01:00]} 39. Kc4 {[%emt 0:00:04]} g5 {[%emt 0:00:30]} 40. Ba7 {[%emt 0:00:12]} h5 {[%emt 0:00:30]} 41. Bxc5 {[%emt 0:00:34]} gxf4 {[%emt 0:01:30]} 42. gxf4 {[%emt 0:00:05]} e5 {[%emt 0:00:30]} 43. f5 {[%emt 0:00:10]} 1-0

[Event "15th Kesan Open 2017"]
[Site "Kesan"]
[Date "2017.08.16"]
[Round "6.1"]
[White "Benidze, Davit"]
[Black "Rasulov, Vugar"]
[Result "1/2-1/2"]
[WhiteElo "2476"]
[BlackElo "2509"]
[Annotator "TA"]
[PlyCount "30"]
[EventCountry "TUR"]
[SourceTitle "playchess.com"]
[Source "ChessBase"]
[SourceQuality "1"]

{[%evp 13,15,49,52,52]} 1. e4 d5 2. exd5 Nf6 3. Nf3 Nxd5 4. d4 Bf5 5. Bd3 Bxd3 6. Qxd3 c6 7. O-O {B01: Scandinavian Defence} e6 {LiveBook: 24 Games} 8. Re1 (8. c4 Nf6 9. Nc3 Be7 10. b3 O-O 11. Bb2 Nbd7 12. Rfe1 Re8 13. Rad1 Qa5 14. d5 cxd5 15. cxd5 exd5 16. Nxd5 Nxd5 17. Qxd5 Qxd5 18. Rxd5 {½-½ (34) Berg,E (2623)-Conquest,S (2526) Hastings 2008}) {Find the theoretical novelty and annotate with similar games:} 8... Be7 $146 9. c4 Nf6 10. Nc3 O-O 11. Bg5 Nbd7 12. Rad1 Re8 13. Ne5 Qa5 14. Nxd7 Nxd7 15. Bxe7 Rxe7 {1-0 (54) Jenni,F (2494)-Krivoshey,S (2483) playchess.com INT 2005} 1/2-1/2

[Event "15th Kesan Open 2017"]
[Site "Kesan"]
[Date "2017.08.16"]
[Round "6.2"]
[White "Buyukasik, Diyap"]
[Black "Ozalp, Burak"]
[Result "1-0"]
[WhiteElo "2285"]
[BlackElo "2129"]
[Annotator "RC"]
[PlyCount "95"]
[EventCountry "TUR"]
[SourceTitle "playchess.com"]
[Source "ChessBase"]
[SourceQuality "1"]
[TimeControl "5400+30"]

1. Nf3 {[%emt 0:00:30]} g6 {[%emt 0:07:00]} 2. g3 {[%emt 0:00:30]} Bg7 {[%emt 0:01:30]} 3. c4 {[%emt 0:01:30]} d6 {[%emt 0:00:30]} 4. Nc3 {[%emt 0:01:30]} Nc6 {[%emt 0:01:30]} 5. Bg2 {[%emt 0:00:00]} e5 {[%emt 0:00:30]} 6. O-O {[%emt 0:00:00]} f5 {[%emt 0:00:00]} 7. d3 {[%emt 0:00:30]} Nf6 {[%emt 0:00:00]} 8. Rb1 {[%emt 0:00:00]} O-O {[%emt 0:00:30]} 9. b4 {[%emt 0:00:00]} h6 {[%emt 0:01:30]} 10. b5 {[%emt 0:01:30]} Ne7 {[%emt 0:00:00]} 11. a4 {[%emt 0:02:30]} g5 {[%emt 0:07:00]} 12. Nd2 {[%emt 0:05:30]} Rb8 {[%emt 0:02:30]} 13. Ba3 {[%emt 0:08:30]} b6 {[%emt 0:04:30]} 14. Nb3 {[%emt 0:05:30]} Be6 {[%emt 0:05:30]} 15. Na2 {[%emt 0:12:30]} f4 {[%emt 0:05:30]} 16. d4 {[%emt 0:04:30]} e4 {[%emt 0:03:30]} 17. d5 {[%emt 0:15:30]} Bf5 {[%emt 0:03:30]} 18. Nd4 {[%emt 0:02:30]} Qd7 {[%emt 0:02:30]} 19. Rb3 {[%emt 0:02:30]} e3 {[%emt 0:06:30]} 20. gxf4 {[%emt 0:10:30]} exf2+ {[%emt 0:01:30]} 21. Kh1 {[%emt 0:01:30]} Ng6 {[%emt 0:05:30]} 22. fxg5 {[%emt 0:00:30]} hxg5 {[%emt 0:00:30]} 23. Nxf5 {[%emt 0:09:09]} Qxf5 {[%emt 0:01:30]} 24. Rf3 {[%emt 0:00:10]} Qe5 {[%emt 0:01:30]} 25. Qc2 {[%emt 0:01:17]} Ng4 {[%emt 0:06:30]} 26. Rg3 {[%emt 0:01:03]} Ne3 {[%emt 0:01:30]} 27. Qxg6 {[%emt 0:00:30]} Nxf1 {[%emt 0:00:30]} 28. Bxf1 {[%emt 0:00:25]} Rbe8 {[%emt 0:18:33]} 29. Qxg5 {[%emt 0:03:12]} Qxg5 {[%emt 0:02:29]} 30. Rxg5 {[%emt 0:00:01]} Kh7 {[%emt 0:01:42]} 31. Bc1 {[%emt 0:01:37]} Re4 {[%emt 0:02:07]} 32. e3 {[%emt 0:00:16]} Rh4 {[%emt 0:00:22]} 33. Kg2 {[%emt 0:02:02]} Bf6 {[%emt 0:06:12]} 34. Rf5 {[%emt 0:01:04]} Rg8+ {[%emt 0:00:44]} 35. Kf3 {[%emt 0:00:02]} Be5 {[%emt 0:01:27]} 36. h3 {[%emt 0:01:44]} Kg6 {[%emt 0:01:03]} 37. e4 {[%emt 0:00:05]} Kh7 {[%emt 0:00:20]} 38. Kxf2 {[%emt 0:00:56]} Kh8 {[%emt 0:00:51]} 39. Bg2 {[%emt 0:01:17]} Bd4+ {[%emt 0:00:32]} 40. Kf3 {[%emt 0:00:38]} Be5 {[%emt 0:00:34]} 41. Bg5 {[%emt 0:00:24]} Rh7 {[%emt 0:00:23]} 42. h4 {[%emt 0:00:23]} Kg7 {[%emt 0:00:30]} 43. Nb4 {[%emt 0:00:16]} Rf8 {[%emt 0:00:22]} 44. Bh3 {[%emt 0:00:26]} Bf6 {[%emt 0:00:10]} 45. Kg4 {[%emt 0:00:52]} Bxg5 {[%emt 0:00:18]} 46. Rxg5+ {[%emt 0:01:55]} Kh8 {[%emt 0:00:13]} 47. Nd3 {[%emt 0:00:21]} Re7 {[%emt 0:00:21]} 48. e5 {[%emt 0:00:14]} 1-0

[Event "15th Kesan Open 2017"]
[Site "Kesan"]
[Date "2017.08.16"]
[Round "6.3"]
[White "Ozgur, Isa"]
[Black "Sanikidze, Tornike"]
[Result "0-1"]
[WhiteElo "1930"]
[BlackElo "2548"]
[Annotator "TA"]
[PlyCount "92"]
[EventCountry "TUR"]
[SourceTitle "playchess.com"]
[Source "ChessBase"]
[SourceQuality "1"]

{[%evp 14,92,60,31,45,44,58,20,25,32,34,27,26,15,27,28,12,25,30,0,31,2,65,65,68,68,57,62,70,41,33,24,56,50,56,19,18,0,0,-11,0,0,0,-10,-10,-32,0,-9,-9,-110,-71,-181,-195,-197,-192,-224,-191,-219,-219,-219,-222,-226,-212,-250,-241,-242,-254,-355,-362,-367,-351,-535,-529,-538,-532,-500,-492,-773,-806,-1532,-1429]} 1. Nf3 g6 2. g3 Bg7 3. Bg2 Nf6 4. O-O O-O 5. d4 d6 6. b3 c6 7. Bb2 Qa5 8. h3 Re8 {A49: 1 d4 Nf6 2 Nf3 g6 3 g3: Anti-King's Indian systems} (8... Nbd7 9. Nbd2 Qc7 10. e4 c5 11. e5 Nd5 12. c4 Nb4 13. exd6 exd6 14. Ne4 Nf6 15. Nxf6+ Bxf6 16. Qd2 {1-0 (59) Mamedov,R (2628)-Rasulov,V (2515) Konya 2012}) 9. Nbd2 d5 10. Ne5 Nbd7 {The position is equal.} 11. Nd3 Nf8 12. c4 $146 ({Predecessor:} 12. Kh2 Bf5 13. Nf3 Ne4 14. a4 Rad8 15. Qc1 Nd6 16. Rd1 {0-1 (60) Foisor,C (2415)-Levacic,P (2395) France 1997}) 12... Bf5 13. Ne5 N6d7 14. Nxd7 Nxd7 15. g4 Be6 16. Qc2 Red8 17. e4 dxc4 (17... Nf8 $1 $11) 18. bxc4 $14 Nb6 19. d5 {[#] Strongly threatening Bxg7.} Bxb2 20. Qxb2 Bd7 21. Rac1 Na4 22. Qd4 e5 23. Qe3 Qc5 24. Qh6 b6 25. Nf3 {[#] Hoping for Ng5.} Qe7 26. Rfd1 (26. Nd2 {feels hotter.} Qc5) 26... Nc5 (26... Rac8 {looks sharper.} 27. Re1 f6 28. Qe3 Be8 29. Nd2 g5) 27. Qe3 Nb7 28. Qc3 Re8 29. Rd2 c5 30. d6 Qe6 31. Rcd1 (31. g5 $1 $11) 31... Rad8 32. Qe3 (32. Rd5 $17 {keeps fighting.} f6 33. Qa3) 32... Ba4 $19 (32... Qxc4 33. Rd5 $11) 33. Rc1 Nxd6 {[%cal Bb7d6,Bd6f7,Bf7d6][%mdl 32]} 34. Rd5 f6 35. Nd2 Bc6 36. Rd3 Nf7 37. Ra3 Re7 {[%cal Be8e7,Be7f7,Bf7g7][%mdl 32]} 38. Nf1 Rd4 39. Qe2 Nd6 {[%cal Rd6c4]} 40. Ne3 Bxe4 ({Don't play} 40... Nxe4 41. Nd5 $19) 41. Nd5 Rf7 {Threatens to win with ...Bxg2.} ({Less strong is} 41... Bxd5 42. Bxd5 Rxd5 43. cxd5 $17) 42. f3 (42. Bxe4 $142 Rxe4 43. Re3) 42... Bxd5 {Black is clearly winning.} 43. cxd5 Qxd5 44. f4 e4 45. f5 (45. Bf1 $142) 45... gxf5 46. gxf5 Rg7 {Precision: White = 31%, Black = 68%.} 0-1

[Event "15th Kesan Open 2017"]
[Site "Kesan"]
[Date "2017.08.16"]
[Round "6.4"]
[White "Savchenko, Boris"]
[Black "Aliyev, Elnur"]
[Result "1/2-1/2"]
[WhiteElo "2602"]
[BlackElo "2150"]
[Annotator "TA"]
[PlyCount "113"]
[EventCountry "TUR"]
[SourceTitle "playchess.com"]
[Source "ChessBase"]
[SourceQuality "1"]

{[%evp 17,113,7,33,26,19,15,25,25,36,13,20,17,22,10,25,18,25,20,16,16,98,89,66,56,106,106,130,131,131,123,136,132,135,112,98,50,40,0,0,0,0,0,0,0,0,0,0,0,0,0,0,0,0,0,0,0,0,0,0,0,0,0,0,0,0,0,0,0,0,0,0,0,0,0,0,0,0,0,0,0,0,0,0,0,0,0,0,0,0,0,0,0,0,0,0,0,0,0]} 1. e4 e5 2. Nf3 Nc6 3. Bc4 Bc5 4. c3 Nf6 5. d3 d6 6. O-O a6 7. a4 {C54: Giuoco Piano: 4 c3 Nf6, main lines with 5 d4 and 5 d3} Ba7 8. Re1 O-O 9. h3 Be6 {LiveBook: 7 Games} 10. Bxe6 fxe6 11. Be3 Bxe3 $146 ({Find the theoretical novelty and annotate with similar games:} 11... Nh5 12. g3 Bxe3 13. Rxe3 Nf6 14. a5 Qe7 {½-½ (32) Giri,A (2755)-Zhigalko,S (2652) Baku 2016}) 12. Rxe3 Qd7 13. b4 d5 14. Qb3 d4 15. cxd4 Nxd4 16. Nxd4 exd4 17. Rf3 Nh5 18. Nd2 {[%cal Bb1d2,Bd2f3,Bf3g5][%mdl 32]} Rxf3 (18... Nf4 $11 {remains equal.}) 19. Nxf3 $16 Rf8 20. Ng5 $36 {[%mdl 2048] White has some pressure.} Nf4 21. g3 h6 22. gxf4 hxg5 {[%mdl 4096] Endgame [#] KQR-KQR} 23. f5 $1 ({Not} 23. fxg5 Qe7 $15) 23... Rf6 24. Rc1 c6 25. fxe6 Rxe6 26. Rc4 Kh7 27. Rxd4 Qxd4 {The position is equal.} 28. Qxe6 Qxd3 $14 {KQ-KQ} 29. Kg2 Qd4 30. Qe7 Kg6 31. a5 Qc4 32. Qd6+ (32. Kh2 $5 {[%cal Re7b7]}) 32... Kh5 33. Qe5 Kh6 34. Qd6+ Kh5 35. e5 Qe4+ 36. Kh2 Qf4+ 37. Kg1 g4 38. Qd7 gxh3 39. Qxh3+ Kg6 $1 40. Qd3+ Qf5 41. Qd4 Kf7 42. Kg2 Qg5+ 43. Kf3 Ke6 44. Qd6+ Kf5 45. Ke2 Qg4+ 46. Kf1 {[#] Hoping for Qd7+.} (46. Kd2 $5 {[%cal Rd6d7]} Qf4+ 47. Kd1 $11) 46... Qc4+ 47. Ke1 Qe4+ 48. Kd2 $1 Qd5+ (48... Qxe5 {with more complications.} 49. Qd7+ Kg6 50. Qxb7 Qd4+ 51. Ke2 Qe4+) 49. Kc3 Qxe5+ 50. Qxe5+ Kxe5 $11 {KP-KP} 51. Kc4 {Strongly threatening Kc5.} Kd6 {White must now prevent ...Kc7.} 52. f4 $1 g6 53. Kd4 Ke6 54. Kc5 {And now Kb6 would win.} Kd7 (54... Kf5 $5 55. Kb6 $8 Kxf4 56. Kxb7 g5 57. Kxa6 g4 $11) 55. Kc4 Ke6 (55... Kc7 $5 {[%cal Rb7b6]}) 56. Kc5 {Kb6 is the strong threat.} Kd7 (56... Kf5 $5 57. Kb6 $8 Kxf4 58. Kxb7 g5 59. Kxa6 g4 $11) 57. Kc4 {Precision: White = 80%, Black = 81%.} 1/2-1/2

[Event "15th Kesan Open 2017"]
[Site "Kesan"]
[Date "2017.08.16"]
[Round "6.5"]
[White "Annaberdiev, Meilis"]
[Black "Diri, Reha"]
[Result "1-0"]
[WhiteElo "2487"]
[BlackElo "1982"]
[Annotator "TA"]
[PlyCount "57"]
[EventCountry "TUR"]
[SourceTitle "playchess.com"]
[Source "ChessBase"]
[SourceQuality "1"]

{[%evp 17,57,-10,0,-17,-9,0,-8,-2,-3,-18,-12,-18,-12,-15,-20,-25,27,12,10,2,31,-14,-9,-24,-9,-64,0,-7,-18,-8,43,-48,-43,-41,121,133,2030,1971,29994,1718,29995,29996]} 1. e4 e6 2. d4 d5 3. e5 c5 4. c3 Nc6 5. Nf3 Bd7 6. a3 c4 7. Nbd2 Na5 8. Be2 {C02: French: Advance Variation} Bc6 9. O-O Qd7 {LiveBook: 8 Games} 10. Qe1 {The position is equal.} Nh6 $146 ({Predecessor:} 10... Ba4 11. Bd1 Ne7 12. Bxa4 Qxa4 13. Qd1 Qxd1 14. Rxd1 Nec6 15. Rb1 f6 {0-1 (44) Hussein,H (2354)-Buhmann,R (2541) Dresden 2008}) 11. Bd1 Ba4 12. Qe2 Be7 13. Ne1 Bxd1 14. Qxd1 Nf5 15. Nc2 Qa4 16. Nf3 O-O ({Better is} 16... h6) 17. Qe2 (17. g4 $5 {[%cal Rg4f5]} Nh4 18. Nxh4 Bxh4 19. Bf4 $11) 17... Nb3 18. Rb1 a5 19. Ne3 Nxe3 20. Bxe3 b5 21. Ng5 (21. Bg5 $11 Bxg5 22. Nxg5) 21... h6 (21... b4 $15 22. Qg4 Qd7) 22. Nh3 $1 $11 b4 23. Qg4 {Hoping for Bxh6.} Kh7 ({Black should play} 23... Kh8 $11) 24. axb4 (24. f4 $1 $14) 24... axb4 $15 25. f4 {[%cal Bf2f4,Bf4f5][%mdl 32]} g6 $2 {[#]} (25... bxc3 $15 {keeps the upper hand.} 26. f5 c2) 26. f5 $1 $16 {[%cal Rf5f6][%mdl 512]} gxf5 $2 {[%mdl 8192]} (26... exf5 $16 27. Qf4 Rh8) 27. Qh5 $18 f6 28. Qxh6+ Kg8 29. Rf3 {Precision: White = 45%, Black = 34%.} 1-0

[Event "15th Kesan Open 2017"]
[Site "Kesan"]
[Date "2017.08.16"]
[Round "6.6"]
[White "Stefanov, Emil"]
[Black "Yaramis, Hakan"]
[Result "1-0"]
[WhiteElo "2455"]
[BlackElo "1944"]
[Annotator "TA"]
[PlyCount "71"]
[EventCountry "TUR"]
[SourceTitle "playchess.com"]
[Source "ChessBase"]
[SourceQuality "1"]

{[%evp 15,71,8,6,0,0,0,54,53,52,50,51,52,54,54,56,53,60,45,53,47,214,215,226,172,337,364,346,348,355,335,446,446,395,252,252,252,252,252,252,239,239,239,239,239,239,239,239,237,264,250,385,387,361,341,515,511,507,507]} 1. Nf3 Nf6 2. c4 c6 3. d4 d5 4. e3 a6 5. Nc3 b5 6. b3 Bg4 7. h3 Bxf3 8. gxf3 e6 {LiveBook: 39 Games. D15: Slav Defence: 4 Nc3 a6 and gambit lines after 4 Nc3 dxc4} (8... Nbd7 9. Bg2 e6 10. Bd2 Be7 11. f4 O-O 12. O-O bxc4 13. bxc4 Nb6 14. c5 Nc4 15. Be1 Kh8 16. Ne2 {0-1 (40) Morozevich,A (2769)-McShane,L (2706) Moscow 2012}) 9. Bd3 Nbd7 10. Bb2 Nb6 $146 (10... bxc4 $11 11. bxc4 Rb8) ({Predecessor:} 10... bxc4 11. bxc4 dxc4 12. Bxc4 c5 13. O-O cxd4 14. Qxd4 Bc5 15. Qd3 O-O 16. f4 {1-0 (74) Evdokimov,A (2569)-Volkov,S (2623) Moscow 2008}) 11. c5 $14 Nbd7 12. b4 Be7 13. a4 O-O 14. f4 g6 15. O-O Qc7 16. Ra2 Nh5 17. Qe2 a5 $2 ({Black should try} 17... Ndf6 $14) 18. axb5 {[#] Threatens to win with bxa5.} axb4 19. b6 Rxa2 $2 (19... Qb7) 20. bxc7 $18 ({Not} 20. Nxa2 Nxb6 21. cxb6 Qxb6 $18) 20... bxc3 21. Bxc3 (21. Rb1 Rc8 $17) 21... Rxe2 22. Bxe2 Nhf6 {intending ...Rc8.} 23. Ba6 Ne4 24. c8=Q Rxc8 25. Bxc8 Ndxc5 26. Bb4 ({Weaker is} 26. dxc5 Nxc3 27. Kg2 Bxc5 $16) 26... Nd6 27. Bxc5 Nxc8 {[%mdl 4096] Endgame KRB-KBN} 28. Ra1 Kg7 29. Ra8 Bxc5 30. Rxc8 {KR-KB} ({Don't do} 30. dxc5 $6 Ne7) 30... Bb4 31. Rxc6 Bd2 32. Kf1 h6 (32... Bb4 $142 33. f3 Kf6) 33. Ke2 Bb4 34. f3 Ba3 (34... Kf6 $142 35. e4 Ke7 36. Rc7+ Kf6) 35. Ra6 Bb4 36. e4 {Precision: White = 63%, Black = 41%.} 1-0